Más allá del código da vinci /
Guardado en:
| Autor Principal: | |
|---|---|
| Formato: | Libro |
| Publicado: |
Buenos Aires :
Robin Book
|
| Materias: | |
| Etiquetas: |
Agregar Etiqueta
Sin Etiquetas, Sea el primero en etiquetar este registro!
|
| LEADER | 00716nam a22002055a 4500 | ||
|---|---|---|---|
| 001 | CEM.cems011656 | ||
| 005 | 20070831125450.0 | ||
| 008 | 130507b######################000#0#####d | ||
| 003 | CEMS | ||
| 020 | |a 987953879X | ||
| 082 | 0 | 4 | |a 232.95 |
| 100 | 1 | |a Chandelle, René | |
| 245 | 1 | 0 | |a Más allá del código da vinci / |c René Chandelle |
| 260 | |a Buenos Aires : |b Robin Book | ||
| 300 | |a 192 p. | ||
| 505 | 0 | |a Papiros de Naj Hammadi -- Rollos del Mar Muerto -- Constantino -- Concilio de Nicea -- Priorato de Sión -- Santo Grial -- Vaticano -- Opus Dei -- Cristo -- Evangelios | |
| 653 | |a Templarios | ||
| 653 | |a Código da vinci | ||
| 653 | |a Gnósticos | ||
| 859 | |a CEMS |b BIB. CEMS - 11 de abril |h 232.95 |i Ch881 |p 22621.04 |t Ej.1 | ||
